अध्यात्म और जीवन शैली / (Record no. 118919)
[ view plain ]
| 000 -LEADER | |
|---|---|
| fixed length control field | 01189nam a22002537a 4500 |
| 005 - DATE AND TIME OF LATEST TRANSACTION | |
| control field | 20170124103123.0 |
| 010 ## - LIBRARY OF CONGRESS CONTROL NUMBER | |
| LC control number | B-243432 |
| 020 ## - INTERNATIONAL STANDARD BOOK NUMBER | |
| Terms of availability | 150.00 |
| International Standard Book Number | 8173291160 |
| 035 ## - SYSTEM CONTROL NUMBER | |
| System control number | B-243432 |
| 037 ## - SOURCE OF ACQUISITION | |
| Source of stock number/acquisition | Cen Lib/Ret |
| 040 ## - CATALOGING SOURCE | |
| Original cataloging agency | DPL |
| Language of cataloging | HN |
| 082 ## - DEWEY DECIMAL CLASSIFICATION NUMBER | |
| Classification number | 170 |
| Item number | शर्माप |
| 100 ## - MAIN ENTRY--PERSONAL NAME | |
| Personal name | शर्मा, पवित्र कुमार |
| 9 (RLIN) | 6739 |
| 245 ## - TITLE STATEMENT | |
| Title | अध्यात्म और जीवन शैली / |
| Statement of responsibility, etc | पवित्र कुमार शर्मा |
| 246 ## - VARYING FORM OF TITLE | |
| Title proper/short title | Adhyatm aur jeevan shaili / |
| Remainder of title | by Pavitr Kumar Sharma |
| 260 ## - PUBLICATION, DISTRIBUTION, ETC. (IMPRINT) | |
| Name of publisher, distributor, etc | शिलालेख |
| Place of publication, distribution, etc | दिल्ली |
| Date of publication, distribution, etc | 2005 |
| 270 ## - ADDRESS | |
| City | दिल्ली |
| Address | 4/32 सुभाष गली, विश्वास नगर, शाहदरा |
| Postal code | 110032 |
| 300 ## - PHYSICAL DESCRIPTION | |
| Extent | 115पृ. |
| Dimensions | 20सेमी(सजिल्द) |
| 650 ## - SUBJECT ADDED ENTRY--TOPICAL TERM | |
| Topical term or geographic name as entry element | अध्यात्म -- चरित्र निर्माण |
| 9 (RLIN) | 82517 |
| 650 ## - SUBJECT ADDED ENTRY--TOPICAL TERM | |
| Topical term or geographic name as entry element | अध्यात्म -- जीवन आनन्द की प्राप्ति |
| 9 (RLIN) | 82518 |
| 650 ## - SUBJECT ADDED ENTRY--TOPICAL TERM | |
| Topical term or geographic name as entry element | Spirituality - Character Creation |
| 9 (RLIN) | 82519 |
| 650 ## - SUBJECT ADDED ENTRY--TOPICAL TERM | |
| Topical term or geographic name as entry element | Spirituality - life attainment of joy |
| 9 (RLIN) | 82520 |
| 942 ## - ADDED ENTRY ELEMENTS (KOHA) | |
| Source of classification or shelving scheme | Dewey Decimal Classification |
| Koha item type | Hindi Books |
| Classification part | 170 |
| Call number suffix | शर्माप |
| Withdrawn status | Lost status | Damaged status | Not for loan | Home library | Current library | Date acquired | Source of acquisition | Cost, normal purchase price | Total Checkouts | Full call number | Barcode | Date last seen | Date checked out | Copy number | Cost, replacement price | Price effective from | Koha item type |
|---|---|---|---|---|---|---|---|---|---|---|---|---|---|---|---|---|---|
| Central Library | Central Library | 14/09/2015 | Cen Lib/Ret | 150.00 | 4 | 170 शर्माप | B-243432 | 12/08/2023 | 03/08/2023 | 1 | 150.00 | 14/09/2015 | Hindi Books |
